Catechism of the "Summa Theologica" of Saint Thomas Aquinas for the use of the faithful (Record no. 95221)
[ view plain ]
| 000 -LEADER | |
|---|---|
| fixed length control field | 00310nam a2200109Ia 4500 |
| 003 - CONTROL NUMBER IDENTIFIER | |
| control field | 0100 |
| 005 - DATE AND TIME OF LATEST TRANSACTION | |
| control field | 20171017124554.0 |
| 008 - FIXED-LENGTH DATA ELEMENTS--GENERAL INFORMATION | |
| fixed length control field | 130307s9999 xx 000 0 und d |
| 040 ## - CATALOGING SOURCE | |
| Transcribing agency | ARRUPELIB |
| 050 ## - LIBRARY OF CONGRESS CALL NUMBER | |
| Classification number | B765.T54P3 |
| 100 ## - MAIN ENTRY--PERSONAL NAME | |
| Personal name | Pegues, Thomas |
| 9 (RLIN) | 37181 |
| 245 ## - TITLE STATEMENT | |
| Title | Catechism of the "Summa Theologica" of Saint Thomas Aquinas for the use of the faithful |
| Statement of responsibility, etc | Thomas Pegues |
| 260 ## - PUBLICATION, DISTRIBUTION, ETC. (IMPRINT) | |
| Place of publication, distribution, etc | New York |
| Name of publisher, distributor, etc | Benziger Brothers |
| Date of publication, distribution, etc | 1922 |
| 600 ## - SUBJECT ADDED ENTRY--PERSONAL NAME | |
| Personal name | Thomas Aquinas, St. |
| General subdivision | summa theologiae |
| 9 (RLIN) | 37146 |
| 942 ## - ADDED ENTRY ELEMENTS (KOHA) | |
| Source of classification or shelving scheme | Library of Congress Classification |
| Koha item type | Monograph ( Printed materials) |
| Withdrawn status | Lost status | Source of classification or shelving scheme | Damaged status | Not for loan | Collection code | Home library | Current library | Shelving location | Date acquired | Total Checkouts | Full call number | Barcode | Date last seen | Copy number | Price effective from | Koha item type |
|---|---|---|---|---|---|---|---|---|---|---|---|---|---|---|---|---|
| Library of Congress Classification | Main Collection | ARRUPE LIBRARY | ARRUPE LIBRARY | Main Collection | 07/03/2013 | B765.T531 S8 P3 | 46500026053 | 07/03/2013 | 1 | 07/03/2013 | Monograph ( Printed materials) |